Feminising the market : women's pay and employment in the European Community

Αποθηκεύτηκε σε:
Λεπτομέρειες βιβλιογραφικής εγγραφής
Κύριος συγγραφέας: Pillinger, Jane
Μορφή: Βιβλίο
Γλώσσα:English
Δημοσίευση: London : Macmillan Press, c1992.
Θέματα:
Ετικέτες: Προσθήκη ετικέτας
Δεν υπάρχουν, Καταχωρήστε ετικέτα πρώτοι!

MARC

LEADER 00000cam a2200000 i 4500
001 1/1115
008 000417s1992 enk| ||| |||| ||eng||
020 |a 0333563352 
035 |l 10059900 
040 |a GR-MyUa  |b gre  |e AACR2 
041 0 |a eng 
082 7 |a 331.4094   |2 (22) 
100 1 |a Pillinger, Jane. 
245 1 0 |a Feminising the market :   |b women's pay and employment in the European Community /   |c Jane Pillinger. 
260 |a London :   |b Macmillan Press,   |c c1992. 
300 |a 212 σ. :   |b εικ. ;   |c 23 εκ. 
504 |a Περιλαμβάνει βιβλιογραφικές παραπομπές και ευρετήριο. 
650 0 0 |a Women  |x Employment  |z European Economic Community countries. 
650 0 0 |a Wages  |x Women  |z European Economic Community countries. 
650 0 0 |a Labor market  |z European Economic Community countries. 
852 |a INST  |b LESVOS  |e 20000417  |h 331.4094 PIL  |p 005100024199  |q 005100024199  |t BK  |y 0 
901 |a BIBL1-2000-2 
922 |a 1ΕΛΗ  |b 200002  |c ΚΠΣ/ΤΚ  |d GLORY 
950 |a 103-1999-12-8 
970 |a ΜΟΥΣΤΑΚΑ  |b ΠΗΝΕΛΟΠΗ  |z 2000/05/22